01282nam a2200241 a 450000100100000000500170001000800410002704000250006808200140009310000310010724502180013826000540035630000200041049000310043070000340046183000380049504900090053395201260054295201260066895201120079495201170090699900170102300001600520240229073827.0100223s1985 dr 000 0 spa d aDO-SdBNPbspacBNPHU axxxbE53l1 aEmery, Miguel Angel93595014aLas lesiones al derecho de producción de los autores, editores, interpretes productores de fonogramas y videogramas y organismos de radiodifusión /cMiguel Angel Emery ; presentación Raymundo Amaro Guzmán. aSanto Domingo :bPublicaciones de la ONAP,c1985. a19 p. ;c23 cm.1 aEstudios Juridicosvno. 321 aAmaro Guzmán, Raymundo9656 0aEstudios Juridicosnno. 32935951 aBNPD 001054708DSaGRbGRcCTd2010-02-23iLF1l0oxxx E53lp16005-30r2020-06-25te.3w2020-06-25yLFDSZPréstamo en sala 001054708DSaGRbGRcCTd2010-02-23iLF1l0oxxx E53lp16005-40r2020-06-25te.4w2020-06-25yLFDSZPréstamo en sala 0010718PDaPDbPDcCTd2010-02-23iLF1l0oxxx E53lp16005-10r2020-06-25w2020-06-25yLFPDZNo se presta 0010718PDaPDbPDcCTd2010-02-23iLF1l0oxxx E53lp16005-20r2020-06-25te.2w2020-06-25yLFPDZNo se presta c15547d15547